000 00419pab a2200169 454500
008 180718b2012 xxu||||| |||| 00| 0 eng d
100 _aSen, Arup Kumar
245 _aThe Singur verdict and village voices
260 _c2012
300 _ap.25.
362 _a7 Jul
650 _aWest Bengal - Politics and government
650 _aPolitics and government
773 _aMainstream
908 _aN
909 _a96836
999 _c96836
_d96836